|
|
|
|
| LEADER |
00756pam a22002298a 4500 |
| 001 |
00027294 |
| 005 |
20171026081025.0 |
| 008 |
111019s2009 ||||||viesd |
| 020 |
|
|
|c 65000
|
| 041 |
0 |
# |
|a vie
|
| 082 |
1 |
4 |
|a 526.071
|b TR113Đ
|
| 245 |
0 |
0 |
|a Trắc địa
|c Nguyễn Quang Tác ch.b...[và nh. ng. khác]
|
| 250 |
# |
# |
|a Tái bản
|
| 260 |
# |
# |
|a Hà Nội
|b Xây dựng
|c 2009
|
| 300 |
# |
# |
|a 251tr.
|b minh họa
|c 27cm.
|
| 650 |
# |
4 |
|a Trắc địa học
|v Giáo trình
|
| 700 |
1 |
# |
|a Nguyễn, Quang Tác
|
| 852 |
# |
# |
|b Kho mượn
|j KM.0011550
|
| 852 |
# |
# |
|b Kho đọc
|j KD.0011859
|
| 852 |
# |
# |
|j KM.0011550
|j KD.0011859
|
| 910 |
|
|
|d 19/10/2011
|
| 980 |
# |
# |
|a Trung tâm Học liệu Lê Vũ Hùng, Trường Đại học Đồng Tháp
|